003400000a2200085000450024501440000004100140014450000260015810000250018477300450020910aEtudes sur les Carabidae des Andes septentrionales. VI. designation de types d'especes de Colpodes S. L. (Coleoptera: Carabidae: Platynini)0 aFrancés a1 aPerrault, Georges G.1 tAnnls. Soc. Ent. Fr.h1q71-82d1990g26